Diseño del sistema de abastecimiento de agua ´potable en la comarca de Rincón del Diablo, ciudad Darío, Matagalpa
Presenta el diseño del sistema de abastecimiento de agua ´potable en la comarca de Rincón del Diablo, ciudad Darío, Matagalpa para el cual se realizó un censo de la población en toda la comunidad que determino la población actual, un levantamiento topográfico de la zona y la ubicación del ta...
| Main Authors: | , |
|---|---|
| Other Authors: | |
| Format: | Tesis Section = Libro |
| Language: | Undetermined Spanish |
| Published: |
Managua
UNI
2009
|
| Subjects: |
| LEADER | 01202nam a2200253Ia 4500 | ||
|---|---|---|---|
| 008 | 240830s9999 xx 000 0 und d | ||
| 040 | |a BIBLIOTECA-RUPAP Mon 628.72 P123 | ||
| 041 | |a spa | ||
| 082 | |a Mon 628.72 P123 | ||
| 100 | 1 | |a Padilla Duarte, Enilseth Carolina, | |
| 100 | 1 | |b Fariñas López, Idania Lizeth | |
| 245 | 1 | 0 | |a Diseño del sistema de abastecimiento de agua ´potable en la comarca de Rincón del Diablo, ciudad Darío, Matagalpa |
| 260 | |a Managua |b UNI |c 2009 | ||
| 300 | |a 32 p. :il. | ||
| 500 | |a Contiene: anexos. | ||
| 502 | |a Tesis (Ingeniero Civil)- UNI, 2009. | ||
| 520 | 3 | |a Presenta el diseño del sistema de abastecimiento de agua ´potable en la comarca de Rincón del Diablo, ciudad Darío, Matagalpa para el cual se realizó un censo de la población en toda la comunidad que determino la población actual, un levantamiento topográfico de la zona y la ubicación del tanque de almacenamiento y su posible dimensionamiento. | |
| 650 | 7 | |a ABASTECIMIENTO DE AGUA | |
| 650 | 7 | |b AGUA POTABLE | |
| 650 | 7 | |c SISTEMA DE ABASTECIMIENTO DE AGUA – DISEÑO | |
| 700 | 1 | |a Tutor: |b Espinoza González, Luis Gustavo | |
| 942 | |c BK |2 ddc | ||
| 991 | |a TESIS | ||
| 999 | |c 16561 | ||